[Event "POL-ch Rapid U18 Girls"]
[Site "Bydgoszcz"]
[Date "2023.08.30"]
[Round "11"]
[White "Gaszka, Zuzanna"]
[Black "Strzoda, Natalia"]
[Result "1/2-1/2"]
[WhiteElo "1547"]
[BlackElo "1151"]
[PlyCount "168"]
[EventDate "2023.08.28"]
[EventType "swiss"]
[EventRounds "11"]
[EventCountry "POL"]
[SourceTitle "EXT 2024"]
[Source "ChessBase"]
[SourceDate "2023.10.10"]
[SourceVersion "1"]
[SourceVersionDate "2023.10.10"]
[SourceQuality "1"]

1. e4 c5 2. Nf3 Nc6 3. Bb5 g6 4. Bxc6 bxc6 5. d4 cxd4 6. Qxd4 Nf6 7. e5 Nd5 8. c4 Nb6 9. 0-0 Bg7 10. Nc3 0-0 11. Qh4 d5 12. cxd5 cxd5 13. Bh6 e6 14. Ng5 f6 15. Bxg7 fxg5 16. Qh6 Rf7 17. Bf6 Qf8 18. Qxg5 Nd7 19. Rfe1 Nxf6 20. exf6 Rxf6 21. Nxd5 Rxf2 22. Ne7+ Kg7 23. Qe5+ Rf6 24. Nxc8 Rxc8 25. Rad1 Rc2 26. Rf1 Qc5+ 27. Qxc5 Rxf1+ 28. Kxf1 Rxc5 29. Rd7+ Kh6 30. Rxa7 Rc1+ 31. Ke2 Rc2+ 32. Kf3 Rxb2 33. h3 Rb4 34. a4 Rb3+ 35. Kf4 g5+ 36. Kg4 Rb4+ 37. Kf3 Rb3+ 38. Kf2 Rb2+ 39. Kg3 Rb3+ 40. Kh2 Rb2 41. a5 Kg6 42. a6 Ra2 43. Ra8 h6 44. Kg3 Ra3+ 45. Kf2 Ra2+ 46. Kf3 Ra3+ 47. Ke4 Ra5 48. a7 Kg7 49. g4 Ra4+ 50. Ke5 Ra6 51. Ke4 Ra4+ 52. Kd3 Ra3+ 53. Kc4 Ra1 54. Kc5 Ra2 55. Kc6 Ra1 56. Kd6 Ra6+ 57. Kc7 Ra1 58. Kb7 Rb1+ 59. Kc6 Ra1 60. Kd6 Ra6+ 61. Ke7 e5 62. Kd7 e4 63. Kc7 Ra3 64. Kb7 Rb3+ 65. Kc6 Ra3 66. Kd5 e3 67. Re8 Rxa7 68. Rxe3 Ra5+ 69. Ke6 Ra6+ 70. Kf5 Rf6+ 71. Ke5 Rf7 72. Ra3 Re7+ 73. Kf5 Rf7+ 74. Ke6 Rf6+ 75. Ke5 Rf7 76. Rb3 Re7+ 77. Kd6 Rf7 78. Rc3 Rf6+ 79. Ke5 Rf7 80. Ke6 Rf6+ 81. Ke7 Rf7+ 82. Ke8 Rf8+ 83. Kd7 Rf7+ 84. Ke6 Rf6+ 1/2-1/2

[Event "POL-ch U12 Girls"]
[Site "Uniejow"]
[Date "2021.07.22"]
[Round "5"]
[White "Strzoda, Natalia"]
[Black "Socha, Maja"]
[Result "1-0"]
[WhiteElo "1126"]
[BlackElo "1018"]
[PlyCount "65"]
[EventDate "2021.07.18"]
[EventType "swiss"]
[EventRounds "9"]
[EventCountry "POL"]
[SourceTitle "EXT 2022"]
[Source "ChessBase"]
[SourceDate "2021.10.06"]
[SourceVersion "1"]
[SourceVersionDate "2021.10.06"]
[SourceQuality "1"]

1. e4 Nf6 2. Nc3 d5 3. exd5 Nxd5 4. Bc4 Nb6 5. Bb3 Nc6 6. Qf3 e6 7. Qe2 Qf6 8. Nf3 Bc5 9. 0-0 0-0 10. Ne4 Qf5 11. d3 h6 12. Nxc5 Qxc5 13. Bf4 Ne7 14. d4 Qc6 15. Qe5 Ng6 16. Qxc7 Nxf4 17. Qxf4 Nd7 18. c3 Nf6 19. Rfe1 b6 20. Rad1 Bb7 21. c4 Rad8 22. Re5 Qd6 23. d5 exd5 24. cxd5 Rde8 25. Qd4 Rc8 26. Nd2 Ng4 27. Ne4 Qc7 28. d6 Qc6 29. Bd5 Qd7 30. Re7 Qf5 31. Bxb7 Rc2 32. d7 Rc7 33. Re8 1-0

[Event "POL-ch U12 Girls"]
[Site "Uniejow"]
[Date "2021.07.21"]
[Round "4"]
[White "Duda, Aleksandra"]
[Black "Strzoda, Natalia"]
[Result "1-0"]
[WhiteElo "1431"]
[BlackElo "1126"]
[PlyCount "117"]
[EventDate "2021.07.18"]
[EventType "swiss"]
[EventRounds "9"]
[EventCountry "POL"]
[SourceTitle "EXT 2022"]
[Source "ChessBase"]
[SourceDate "2021.10.06"]
[SourceVersion "1"]
[SourceVersionDate "2021.10.06"]
[SourceQuality "1"]

1. c4 f5 2. Nc3 Nf6 3. g3 g6 4. Bg2 Bg7 5. Nf3 0-0 6. 0-0 d6 7. d4 c6 8. Qb3 Kh8 9. Rd1 Qc7 10. Bf4 Be6 11. Ng5 Bg8 12. d5 e5 13. dxe6 Rd8 14. c5 Qc8 15. cxd6 h6 16. Nf7+ Bxf7 17. exf7 g5 18. Be5 Nbd7 19. Bd4 Nf8 20. Bc5 Qd7 21. e4 fxe4 22. Nxe4 Ne6 23. Nxf6 Bxf6 24. Ba3 Nd4 25. Qd3 Qxf7 26. Bc5 Ne6 27. Qb3 Qd7 28. Ba3 Nd4 29. Qd3 b6 30. Qg6 Qg7 31. Qxg7+ Bxg7 32. Rab1 Rac8 33. Bh3 Rb8 34. d7 c5 35. b3 Ne2+ 36. Kf1 Nc3 37. Rbc1 Nxd1 38. Rxd1 Bd4 39. b4 h5 40. bxc5 bxc5 41. Be6 Rb6 42. Re1 Kg7 43. g4 hxg4 44. Bxg4 Rf6 45. f3 Kg6 46. Bc1 c4 47. Ba3 Rf5 48. Re6+ Bf6 49. Bxf5+ Kxf5 50. Rd6 Be7 51. Rd5+ Ke6 52. Bxe7 Kxe7 53. Rxg5 Rxd7 54. Rg7+ Kd6 55. Rxd7+ Kxd7 56. Ke2 Ke6 57. Kd2 Ke5 58. Kc3 Kf4 59. Kxc4 1-0